000 00293nam a22001337a 4500
008 170531b xxu||||| |||| 00| 0 eng d
020 _a9780534571689
041 _aeng
080 _23RD
_a94(100)
100 _a17
101 _aSHH
245 _aWORLD HISTORY
_cDUIKER, W.J
942 _2udc
_cBK
999 _c15125
_d15125